[Event "SVK-chT 1011"]
[Site "Slovakia"]
[Date "2011.05.07"]
[Round "10.7"]
[White "Havlicek, Libor"]
[Black "Krak, Tomas"]
[Result "0-1"]
[WhiteElo "2330"]
[BlackElo "2233"]
[PlyCount "68"]
[EventDate "2010.11.27"]
[EventType "team-tourn"]
[EventRounds "11"]
[EventCountry "SVK"]
[SourceTitle "EXT 2012"]
[Source "ChessBase"]
[SourceDate "2011.11.24"]
[SourceVersion "1"]
[SourceVersionDate "2011.11.24"]
[SourceQuality "1"]
[WhiteTeam "Bratislava Slovan"]
[BlackTeam "Kosice Slavia"]
[WhiteTeamCountry "SVK"]
[BlackTeamCountry "SVK"]

1. d4 Nf6 2. Nf3 c5 3. c4 cxd4 4. Nxd4 e5 5. Nb5 d5 6. cxd5 Bc5 7. e3 0-0 8. N5c3 Qe7 9. a3 Rd8 10. Be2 e4 11. Qc2 Bf5 12. b4 Bd6 13. Bb2 a5 14. b5 Nbd7 15. Nd2 Nc5 16. Nc4 Nd3+ 17. Bxd3 exd3 18. Qb3 Bc5 19. 0-0-0 a4 20. Nxa4 Nxd5 21. Nxc5 Qxc5 22. Kd2 Rac8 23. Rc1 Qe7 24. h4 Qe6 25. Bd4 Qg6 26. Rhg1 Qh5 27. Qd1 Qxh4 28. g3 Qe4 29. g4 Bg6 30. Nd6 Rc2+ 31. Qxc2 Qf3 32. Qxd3 Bxd3 33. Kxd3 Nf4+ 34. Kc2 Ne2 0-1

[Event "SVK-chT1W 1011"]
[Site "Slovakia"]
[Date "2011.03.20"]
[Round "9"]
[White "Havlicek, Libor"]
[Black "Dobrotka, Martin"]
[Result "1-0"]
[WhiteElo "2330"]
[BlackElo "2238"]
[PlyCount "87"]
[EventDate "2010.11.06"]
[EventType "team-tourn"]
[EventRounds "11"]
[EventCountry "SVK"]
[SourceTitle "EXT 2012"]
[Source "ChessBase"]
[SourceDate "2011.11.24"]
[SourceVersion "1"]
[SourceVersionDate "2011.11.24"]
[SourceQuality "1"]
[WhiteTeam "Bratislava Slovan II"]
[BlackTeam "Prievidza II"]
[WhiteTeamCountry "SVK"]
[BlackTeamCountry "SVK"]

1. d4 d6 2. e4 Nd7 3. Nf3 g6 4. Bc4 Nb6 5. Bb3 Bg7 6. 0-0 Nf6 7. Qe2 e6 8. e5 Nfd5 9. Nbd2 Nf4 10. Qe4 Bh6 11. g3 d5 12. Qe1 Nh3+ 13. Kg2 Ng5 14. Nh4 f5 15. exf6 Qxf6 16. f4 Nf7 17. f5 g5 18. fxe6 Qxe6 19. Nf5 0-0 20. Qxe6 Bxe6 21. Nxh6+ Nxh6 22. Nf3 g4 23. Bxh6 gxf3+ 24. Rxf3 Rxf3 25. Kxf3 Nc4 26. Re1 Kf7 27. Bc1 c6 28. c3 Bf5 29. g4 Be4+ 30. Kg3 b5 31. Rf1+ Ke6 32. Bd1 Rg8 33. g5 Nd6 34. Rf6+ Ke7 35. Bg4 Rg6 36. Bf4 Ne8 37. Rxg6 Bxg6 38. Be5 Nd6 39. Bxd6+ Kxd6 40. Kf4 a5 41. h4 b4 42. h5 Bf7 43. h6 Ke7 44. Bf5 1-0